Statistics for Chemical element symbols that are US States

Click here to take the quiz!

General Stats

  • This quiz has been taken 34 times
  • The average score is 13 of 17

Answer Stats

Answer% Correct
Ca (California | Calcium)
97%
Al (Alabama | Aluminium)
88%
Ar (Arkansas | Argon)
88%
Fl (Florida | Flerovium)
84%
Mo (Missouri | Molybdenum)
84%
Ne (Nebraska | Neon)
84%
Co (Colorado | Cobalt)
81%
Sc (South Carolina | Scandium)
78%
Nd (North Dakota | Neodymium)
75%
Ga (Georgia | Gallium)
72%
Mn (Minnesota | Manganese)
72%
Mt (Montana | Meitnerium)
69%
Pa (Pennsylvania | Protactinium)
66%
In (Indiana | Indium)
63%
La (Louisiana | Lanthanum)
63%
Nh (New Hampshire | Nihonium)
59%
Md (Maryland | Mendelevium)
56%

Score Distribution

Percentile by Number Answered

Percent of People with Each Score

Your Score History

You have not taken this quiz